000 00330nam a2200133Ia 4500
008 100328s9999 xx 000 0 und d
082 _b18847
100 _aशहा नलिनी
245 _aमळभ
260 _bसुरस ग्रंथमाला
630 _aमळभ
730 _aमळभ
942 _cBOOK
999 _c513213
_d513210